000 00399nmm a2200145 a 4500
003 AR-BaBNM
005 20251128203114.0
008 223119s1895 ||||||||||||||000 | spa||
040 _cAR-BaBNM
100 1 _aMedina, José Toribio
245 1 0 _aColección de documentos inéditos para la historia de Chile
_b1518-1818. 6
260 _a[S.l.]
_bBarcelona
_c1895
942 _cBK
998 _cMATO MOURAZOS
999 _c1919
_d1919